000 01577cam a22004454a 4500
001 muse16329
003 MdBmJHUP
005 20210127150922.0
006 m o d
007 cr||||||||nn|n
008 030414s2003 utu o 00 0 eng d
010 _z 2003008666
020 _a9780874214796
020 _z0874215617 (alk. paper)
020 _z9780874215618
035 _a(OCoLC)53924662
040 _aMdBmJHUP
_cMdBmJHUP
043 _an-usp--
050 0 4 _aSB439.24.G74
_bW38 2003
082 0 _a635.9/5179
_221
245 0 0 _aWater Wise
_bNative Plants for Intermountain Landscapes /
_cWendy Mee ... [et al.].
264 1 _bUtah State University Press,
264 3 _bProject MUSE,
300 _a1 online resource (xxxi, 220 p.) :
_bill. (some col.) ;
504 _aIncludes bibliographical references (p. xxxi).
506 0 _aOpen Access
_fUnrestricted online access
_2star
588 _aDescription based on print version record.
650 0 _aNative plants for cultivation
_zGreat Basin.
655 7 _aElectronic books.
_2local
700 1 _aMee, Wendy.
710 2 _aProject Muse.
_edistributor
830 0 _aBook collections on Project MUSE.
856 4 0 _zFull text available:
_uhttps://muse.jhu.edu/book/9251/
945 _aProject MUSE - Archive Complete Foundation
945 _aProject MUSE - Archive Ecology and Evolution Foundation
999 _c23954
_d23954